Chansons de Melody Cocktail - Statistiques

Statistiques générales
  • Ce quiz a été pris 4 fois
  • Le résultat moyen est 6 sur 12
Statistiques - réponses
Illustrations Nom de la séquence/musique % Correct
Petit bateau fait boire la tasse à son père Petit toot
100%
Cauchemar instrumental d'une mouche Bumble Boogie
67%
L'arrivée des pionniers (qui découvrent l'Ouest des Etats-Unis) C'est l'ouest qu'il te faut
67%
Romance hivernale d'humains et de lapins C'est un souvenir de décembre
67%
Johnny cueille des pommes Le Ciel est Bon pour Moi
67%
Générique du début Le temps d'une Mélodie/Chanson
67%
L'arbre sous toutes ses formes A la gloire de l'arbre
33%
Donald et José Carioca découvre la Samba C'est la faute de la Samba
33%
Vive les POMMES !!!! Chanson de la pomme
33%
Pecos Bill a bien grandi Le Cow-boy du Texas
33%
Arrivée chez les Cowboy par la pointe des pieds Ma belle ombre bleue
33%
En l'honneur de Johnny Pépin-de-Pomme Un Tour à l'Endroit, Un Tour à l'Envers
33%
Aucun quiz correspondant
Distribution des résultats
% des personnes avec chaque résultat
Percentile par nombre de réponses
Votre historique - résultats
Vous n’avez pas pris ce quiz